| 000 | 00727nam a22002537a 4500 | ||
|---|---|---|---|
| 003 | UA-OsUOA | ||
| 001 | 31893 | ||
| 007 | ta | ||
| 008 | 20050114b un ||||| |||| 00| 0 ukr d | ||
| 090 |
_a82(091)(477) _bА43 |
||
| 942 | _cBK | ||
| 040 |
_aUA-OsUOA _bukr _cUA-OsUOA _dUA-OsUOA |
||
| 245 |
_aАктуальні проблеми сучасної філології. Літературознавство _bЗбірник наукових праць _cРед. І. О.Денисюк |
||
| 300 | _a202 с. | ||
| 955 | _a0 | ||
| 041 | _aukr | ||
| 080 | _a82(091)(477) | ||
| 020 | _a966-7281-03-2-7 | ||
| 260 |
_aРівне _bРДГУ _c1999 |
||
| 246 | 3 | 1 |
_aВип. VII _n |
| 044 | _aUA | ||
| 650 | 7 | _2UDC | |
| 999 |
_c318328 _d318328 |
||